[Event "Titled Tuesday intern op 03rd Sep Early"]
[Site "Chess.com INT"]
[Date "2024.09.03"]
[Round "1"]
[White "Martinez, Shawn"]
[Black "Javakhadze, Zurab"]
[Result "0-1"]
[WhiteElo "1921"]
[BlackElo "2417"]
[PlyCount "106"]
[EventDate "2024.09.03"]
[EventType "swiss (blitz)"]
[EventRounds "11"]
[EventCountry "USA"]
[SourceTitle "EXT 2025"]
[Source "ChessBase"]
[SourceDate "2024.10.14"]
[SourceVersion "1"]
[SourceVersionDate "2024.10.14"]
[SourceQuality "1"]

1. e4 e5 2. Nf3 Nc6 3. d4 exd4 4. Nxd4 Nf6 5. Nxc6 bxc6 6. e5 Qe7 7. Qe2 Nd5 8. c4 Ba6 9. Qe4 Nb6 10. Nd2 0-0-0 11. Bd3 d5 12. exd6 Rxd6 13. 0-0 Qxe4 14. Bxe4 Nxc4 15. Nxc4 Bxc4 16. Bf4 Rd4 17. Bf5+ Kb7 18. Be3 Rd8 19. Rfc1 Bd5 20. b4 Bd6 21. a4 Be5 22. Rab1 Ba2 23. b5 c5 24. Bxc5 Bxb1 25. Bxb1 Bd4 26. Be4+ Kb8 27. Bb4 Bb2 28. Rb1 Rd4 29. Ba5 Rxe4 30. Rxb2 Rxa4 31. Be1 Ra1 32. Re2 Rd8 33. f4 Rdd1 34. Kf2 Rxe1 35. Rxe1 Rxe1 36. Kxe1 Kb7 37. g4 Kb6 38. h4 Kxb5 39. h5 h6 40. g5 f6 41. gxf6 gxf6 42. Ke2 a5 43. Ke3 a4 44. Ke4 a3 45. Kf5 a2 46. Kg6 a1Q 47. Kxh6 Kc6 48. f5 Kd6 49. Kg7 Ke5 50. h6 Qg1+ 51. Kf7 Kxf5 52. h7 Qg6+ 53. Kf8 Qxh7 0-1

[Event "Titled Tuesday intern op 03rd Sep Early"]
[Site "Chess.com INT"]
[Date "2024.09.03"]
[Round "7"]
[White "Martinez, Shawn"]
[Black "Lai, Duc Minh1"]
[Result "1-0"]
[WhiteElo "1921"]
[BlackElo "2058"]
[PlyCount "51"]
[EventDate "2024.09.03"]
[EventType "swiss (blitz)"]
[EventRounds "11"]
[EventCountry "USA"]
[SourceTitle "EXT 2025"]
[Source "ChessBase"]
[SourceDate "2024.10.14"]
[SourceVersion "1"]
[SourceVersionDate "2024.10.14"]
[SourceQuality "1"]

1. e4 c6 2. Nc3 d5 3. Nf3 dxe4 4. Nxe4 Nf6 5. Qe2 Nxe4 6. Qxe4 Nd7 7. Bc4 Nf6 8. Ne5 e6 9. Qe2 b5 10. Bb3 Qc7 11. d4 Bd6 12. 0-0 0-0 13. c3 a5 14. Bc2 c5 15. Bg5 Nd5 16. Bh4 Bb7 17. f4 cxd4 18. cxd4 f6 19. Nd3 Qf7 20. Rae1 Rae8 21. Nc5 Nxf4 22. Qxb5 Bxc5 23. Rxf4 e5 24. Qxc5 exf4 25. Bb3 Rxe1+ 26. Bxe1 1-0

[Event "Titled Tuesday intern op 27th Aug Late"]
[Site "Chess.com INT"]
[Date "2024.08.27"]
[Round "7"]
[White "Grot, Blazej"]
[Black "Martinez, Shawn"]
[Result "1-0"]
[WhiteElo "2155"]
[BlackElo "1921"]
[PlyCount "79"]
[EventDate "2024.08.27"]
[EventType "swiss (blitz)"]
[EventRounds "11"]
[EventCountry "USA"]
[SourceTitle "EXT 2025"]
[Source "ChessBase"]
[SourceDate "2024.10.14"]
[SourceVersion "1"]
[SourceVersionDate "2024.10.14"]
[SourceQuality "1"]

1. e4 c5 2. Nf3 e6 3. d4 cxd4 4. Nxd4 a6 5. Nc3 Qc7 6. g3 b5 7. a3 Bb7 8. Bg2 Nf6 9. 0-0 Bc5 10. Be3 h5 11. a4 b4 12. Ndb5 axb5 13. Nxb5 Qb6 14. Bxc5 Qxc5 15. Nd6+ Ke7 16. Nxb7 Qb6 17. Nd6 Nc6 18. Nc4 Qc5 19. Qd3 Ng4 20. b3 h4 21. Rad1 hxg3 22. Qxg3 Nxh2 23. Rfe1 Rh6 24. Rd5 exd5 25. exd5+ Kf8 26. dxc6 dxc6 27. Ne5 Kg8 28. Qf4 Qc3 29. Qxf7+ Kh8 30. Nd3 Ng4 31. Re8+ Rxe8 32. Qxe8+ Kh7 33. Qe4+ Rg6 34. Nf4 Qa1+ 35. Bf1 Qf6 36. Bd3 Kg8 37. Qxg6 Qxf4 38. Qe8+ Qf8 39. Bc4+ Kh7 40. Qxf8 1-0

[Event "Titled Tuesday intern op 27th Aug Late"]
[Site "Chess.com INT"]
[Date "2024.08.27"]
[Round "6"]
[White "Martinez, Shawn"]
[Black "Rey Martinez, Jaime"]
[Result "0-1"]
[WhiteElo "1921"]
[BlackElo "2266"]
[PlyCount "72"]
[EventDate "2024.08.27"]
[EventType "swiss (blitz)"]
[EventRounds "11"]
[EventCountry "USA"]
[SourceTitle "EXT 2025"]
[Source "ChessBase"]
[SourceDate "2024.10.14"]
[SourceVersion "1"]
[SourceVersionDate "2024.10.14"]
[SourceQuality "1"]

1. e4 c5 2. Nc3 Nc6 3. Bb5 Nd4 4. Nf3 e6 5. 0-0 a6 6. Bd3 Nc6 7. Re1 d6 8. Bf1 Nf6 9. d4 cxd4 10. Nxd4 Bd7 11. Bg5 Be7 12. Qd2 Rc8 13. Nb3 b5 14. Rad1 Qb6 15. a3 Ne5 16. Be3 Qc7 17. h3 0-0 18. f4 Nc4 19. Bxc4 bxc4 20. Nd4 Qb7 21. e5 dxe5 22. fxe5 Nd5 23. Nxd5 exd5 24. c3 Rb8 25. Re2 Rfe8 26. Qe1 Bc5 27. Bf4 Rbc8 28. Kh2 Ba4 29. Rdd2 Qe7 30. Qg3 Bxd4 31. Rxd4 Bc6 32. Bg5 Qf8 33. Bf6 Kh8 34. Bg5 Re6 35. Rh4 Rce8 36. Qf4 f6 0-1

[Event "Titled Tuesday intern op 27th Aug Late"]
[Site "Chess.com INT"]
[Date "2024.08.27"]
[Round "3"]
[White "Martinez, Shawn"]
[Black "Sitbon, Itay"]
[Result "1/2-1/2"]
[WhiteElo "1921"]
[BlackElo "2179"]
[PlyCount "95"]
[EventDate "2024.08.27"]
[EventType "swiss (blitz)"]
[EventRounds "11"]
[EventCountry "USA"]
[SourceTitle "EXT 2025"]
[Source "ChessBase"]
[SourceDate "2024.10.14"]
[SourceVersion "1"]
[SourceVersionDate "2024.10.14"]
[SourceQuality "1"]

1. e4 c5 2. Nc3 d6 3. Bb5+ Bd7 4. a4 Nf6 5. f4 a6 6. Bxd7+ Qxd7 7. Nf3 Nc6 8. 0-0 e6 9. d3 Be7 10. h3 Nd4 11. Be3 Nxf3+ 12. Qxf3 0-0 13. e5 dxe5 14. fxe5 Nd5 15. Ne4 Nxe3 16. Qxe3 Rac8 17. b3 Qd4 18. Qxd4 cxd4 19. Rf2 f5 20. exf6 gxf6 21. g4 f5 22. gxf5 exf5 23. Ng3 Bg5 24. Nxf5 Be3 25. Nxe3 dxe3 26. Re2 Rf3 27. Kg2 Rcf8 28. Rae1 Rf2+ 29. Kg3 R8f3+ 30. Kg4 Kg7 31. Rxe3 Rxe3 32. Rxe3 Rxc2 33. Re7+ Kg6 34. Rxb7 Rc3 35. d4 Rd3 36. Rb6+ Kg7 37. d5 Rxd5 38. Rxa6 Rd4+ 39. Kf5 Rb4 40. a5 Rxb3 41. h4 Rb5+ 42. Kg4 Rb4+ 43. Kg5 h6+ 44. Kh5 Rb5+ 45. Kg4 Rb4+ 46. Kh5 Rb5+ 47. Kg4 Rb4+ 48. Kh5 1/2-1/2

[Event "Titled Tuesday intern op 20th Aug Late"]
[Site "Chess.com INT"]
[Date "2024.08.20"]
[Round "5"]
[White "Antunes, Luciano Justi"]
[Black "Martinez, Shawn"]
[Result "0-1"]
[WhiteElo "2045"]
[BlackElo "1921"]
[PlyCount "82"]
[EventDate "2024.08.20"]
[EventType "swiss (blitz)"]
[EventRounds "11"]
[EventCountry "USA"]
[SourceTitle "EXT 2025"]
[Source "ChessBase"]
[SourceDate "2024.10.14"]
[SourceVersion "1"]
[SourceVersionDate "2024.10.14"]
[SourceQuality "1"]

1. e4 c5 2. Nc3 e6 3. d4 cxd4 4. Qxd4 Nc6 5. Qd2 a6 6. b3 Qc7 7. Bb2 Nf6 8. 0-0-0 Bb4 9. Qe1 0-0 10. Kb1 d5 11. exd5 exd5 12. a3 Bxc3 13. Qxc3 Bf5 14. f3 Rfd8 15. g4 d4 16. Qc5 Rd5 17. Qc4 b5 18. Qe2 Bg6 19. h4 h5 20. g5 Nd7 21. Qd2 Nc5 22. Bd3 Bxd3 23. cxd3 Nxb3 24. Qc2 Nc5 25. Ne2 Rad8 26. Bc1 Na4 27. g6 Re8 28. Qb3 Rxe2 29. Rd2 Nc3+ 30. Ka1 Rxd2 31. Bxd2 Na5 32. Qb2 fxg6 33. Re1 Kh7 34. Qb4 Rf5 35. Re7 Qc5 36. Qxa5 Na4 37. Qb4 Qc2 38. Rxg7+ Kxg7 39. Qe7+ Rf7 40. Bh6+ Kxh6 41. Qxf7 Qb2# 0-1

[Event "Titled Tuesday intern op 20th Aug Late"]
[Site "Chess.com INT"]
[Date "2024.08.20"]
[Round "7"]
[White "Buker, Muhittin"]
[Black "Martinez, Shawn"]
[Result "1-0"]
[WhiteElo "1929"]
[BlackElo "1921"]
[PlyCount "95"]
[EventDate "2024.08.20"]
[EventType "swiss (blitz)"]
[EventRounds "11"]
[EventCountry "USA"]
[SourceTitle "EXT 2025"]
[Source "ChessBase"]
[SourceDate "2024.10.14"]
[SourceVersion "1"]
[SourceVersionDate "2024.10.14"]
[SourceQuality "1"]

1. d4 d5 2. c4 e6 3. Nc3 Nf6 4. Nf3 Be7 5. Bg5 0-0 6. e3 c5 7. cxd5 exd5 8. Bd3 Nc6 9. 0-0 Bg4 10. h3 Bxf3 11. gxf3 cxd4 12. exd4 Nxd4 13. Bxh7+ Nxh7 14. Bxe7 Qxe7 15. Qxd4 Ng5 16. Kg2 Qe6 17. Rh1 Rfd8 18. Rae1 Qg6 19. Qg4 Ne6 20. Qxg6 Nf4+ 21. Kg3 Nxg6 22. h4 d4 23. Ne4 Rac8 24. h5 Nf8 25. h6 gxh6 26. Rxh6 Ng6 27. Reh1 Kg7 28. f4 Rd5 29. Rh7+ Kf8 30. Rh8+ Nxh8 31. Rxh8+ Ke7 32. Rxc8 d3 33. Nd2 Kd7 34. Rc3 b5 35. a3 a5 36. Kf3 b4 37. axb4 axb4 38. Rc4 Ra5 39. Rxb4 Ra2 40. Ke3 Ra8 41. Kxd3 Ke6 42. Rb5 Rd8+ 43. Ke3 Kf6 44. Ne4+ Kg7 45. f5 Rd1 46. f3 Re1+ 47. Kf4 Rg1 48. Rb7 1-0

[Event "Titled Tuesday intern op 20th Aug Early"]
[Site "Chess.com INT"]
[Date "2024.08.20"]
[Round "10"]
[White "Martinez, Shawn"]
[Black "Andersson, Bjorn2"]
[Result "1-0"]
[WhiteElo "1921"]
[BlackElo "2156"]
[PlyCount "47"]
[EventDate "2024.08.20"]
[EventType "swiss (blitz)"]
[EventRounds "11"]
[EventCountry "USA"]
[SourceTitle "EXT 2025"]
[Source "ChessBase"]
[SourceDate "2024.10.14"]
[SourceVersion "1"]
[SourceVersionDate "2024.10.14"]
[SourceQuality "1"]

1. e4 c5 2. Nc3 g6 3. Bc4 Bg7 4. Qf3 e6 5. Nb5 d6 6. Qg3 e5 7. Qb3 Nh6 8. Qd3 Bf8 9. a4 a6 10. Na3 Nc6 11. Nf3 Bg7 12. h4 0-0 13. h5 Nd4 14. hxg6 hxg6 15. Nxd4 cxd4 16. Qg3 Kh7 17. d3 f5 18. Bg5 Rf6 19. Rxh6+ Bxh6 20. Qh4 Qf8 21. 0-0-0 b5 22. Bd5 Ra7 23. Rh1 Be6 24. Bxh6 1-0

[Event "Titled Tuesday intern op 20th Aug Early"]
[Site "Chess.com INT"]
[Date "2024.08.20"]
[Round "3"]
[White "Martinez, Shawn"]
[Black "Devaev, Alexander"]
[Result "0-1"]
[WhiteElo "1921"]
[BlackElo "2325"]
[PlyCount "54"]
[EventDate "2024.08.20"]
[EventType "swiss (blitz)"]
[EventRounds "11"]
[EventCountry "USA"]
[SourceTitle "EXT 2025"]
[Source "ChessBase"]
[SourceDate "2024.10.14"]
[SourceVersion "1"]
[SourceVersionDate "2024.10.14"]
[SourceQuality "1"]

1. e4 c6 2. Nc3 d5 3. Nf3 Nf6 4. Qe2 Bg4 5. h3 Bxf3 6. Qxf3 e6 7. d3 Nbd7 8. g4 Bb4 9. a3 Ba5 10. Bd2 d4 11. Nb1 Bxd2+ 12. Nxd2 e5 13. Bg2 g6 14. 0-0 Qe7 15. Qg3 h5 16. f4 exf4 17. Qxf4 hxg4 18. hxg4 Rh4 19. Bf3 Ne5 20. Rf2 Nfxg4 21. Rg2 Ne3 22. Qg3 Nxg2 23. Qxg2 0-0-0 24. Qg3 Rdh8 25. Bg2 Rg4 26. Qf2 Qg5 27. Kf1 Rh2 0-1

[Event "Titled Tuesday intern op 20th Aug Early"]
[Site "Chess.com INT"]
[Date "2024.08.20"]
[Round "8"]
[White "Martinez, Shawn"]
[Black "Schulz, Michael"]
[Result "1-0"]
[WhiteElo "1921"]
[BlackElo "2109"]
[PlyCount "91"]
[EventDate "2024.08.20"]
[EventType "swiss (blitz)"]
[EventRounds "11"]
[EventCountry "USA"]
[SourceTitle "EXT 2025"]
[Source "ChessBase"]
[SourceDate "2024.10.14"]
[SourceVersion "1"]
[SourceVersionDate "2024.10.14"]
[SourceQuality "1"]

1. e4 g6 2. d4 Bg7 3. Nc3 c5 4. Be3 cxd4 5. Bxd4 Nf6 6. f3 Nc6 7. Be3 0-0 8. Qd2 d6 9. Bc4 Na5 10. Bb3 a6 11. Nge2 b5 12. 0-0 Nc4 13. Bxc4 bxc4 14. Nf4 Bb7 15. Rab1 Rc8 16. Rfd1 Re8 17. Qf2 e5 18. Nfd5 Nxd5 19. Nxd5 Bxd5 20. Rxd5 f5 21. Rbd1 Rc6 22. b3 cxb3 23. axb3 f4 24. Bc5 Bf8 25. Ba3 Qc7 26. c4 a5 27. Qh4 a4 28. c5 Be7 29. cxd6 Bxh4 30. dxc7 Rxc7 31. bxa4 Ra7 32. a5 Rea8 33. Bb4 Rb7 34. Bc3 Rb3 35. Bxe5 g5 36. g3 fxg3 37. hxg3 Rxf3 38. gxh4 gxh4 39. Rd8+ Rxd8 40. Rxd8+ Kf7 41. a6 Ra3 42. Ra8 Ke6 43. Bd4 Ra4 44. a7 Rxd4 45. Re8+ Kf7 46. a8Q 1-0

[Event "Titled Tuesday intern op 20th Aug Early"]
[Site "Chess.com INT"]
[Date "2024.08.20"]
[Round "7"]
[White "Meszaros, Gyorgy"]
[Black "Martinez, Shawn"]
[Result "1/2-1/2"]
[WhiteElo "2200"]
[BlackElo "1921"]
[PlyCount "116"]
[EventDate "2024.08.20"]
[EventType "swiss (blitz)"]
[EventRounds "11"]
[EventCountry "USA"]
[SourceTitle "EXT 2025"]
[Source "ChessBase"]
[SourceDate "2024.10.14"]
[SourceVersion "1"]
[SourceVersionDate "2024.10.14"]
[SourceQuality "1"]

1. e4 c5 2. Nc3 e6 3. g3 a6 4. Bg2 Nc6 5. Nge2 Qc7 6. 0-0 Nf6 7. d4 cxd4 8. Nxd4 Bc5 9. Be3 Ba7 10. h3 0-0 11. Qd2 Ne5 12. b3 d6 13. Nce2 Bd7 14. c4 Nc6 15. Rac1 Rfd8 16. Rfd1 Be8 17. Nxc6 Bxc6 18. Bxa7 Rxa7 19. e5 Ne8 20. c5 d5 21. f4 f6 22. exf6 Nxf6 23. Nd4 Re8 24. Re1 e5 25. fxe5 Rxe5 26. Qf4 Rxe1+ 27. Rxe1 Qxf4 28. gxf4 Kf7 29. Re5 Ra8 30. Kf2 Rd8 31. Bf3 g6 32. b4 Re8 33. Rxe8 Kxe8 34. Ke3 Kd7 35. Bd1 Ne4 36. Ne2 a5 37. bxa5 Nxc5 38. Kd4 Ne6+ 39. Ke5 Nc5 40. Bb3 Nd3+ 41. Kd4 Nf2 42. h4 Kd6 43. Nc3 Nh3 44. Nxd5 Bxd5 45. Bxd5 Nxf4 46. Bxb7 Ne6+ 47. Ke3 Nc5 48. a6 Nxb7 49. axb7 Kc7 50. Kf4 h6 51. Ke5 Kxb7 52. Kf6 g5 53. hxg5 hxg5 54. Kxg5 Kb6 55. Kf5 Ka5 56. Ke5 Ka4 57. Kd5 Ka3 58. Kc4 Kxa2 1/2-1/2

[Event "Titled Tuesday intern op 06th Aug Late"]
[Site "Chess.com INT"]
[Date "2024.08.06"]
[Round "3"]
[White "Domingo Nunez, Alejandro"]
[Black "Martinez, Shawn"]
[Result "1-0"]
[WhiteElo "2318"]
[BlackElo "1921"]
[PlyCount "143"]
[EventDate "2024.08.06"]
[EventType "swiss (blitz)"]
[EventRounds "11"]
[EventCountry "USA"]
[SourceTitle "EXT 2025"]
[Source "ChessBase"]
[SourceDate "2024.10.14"]
[SourceVersion "1"]
[SourceVersionDate "2024.10.14"]
[SourceQuality "1"]

1. e4 c5 2. d4 cxd4 3. c3 Nf6 4. e5 Nd5 5. Nf3 d6 6. Qxd4 Nb6 7. exd6 exd6 8. Bb5+ Nc6 9. 0-0 h6 10. Re1+ Be6 11. Bf4 Qd7 12. Qd3 Be7 13. Nd4 0-0 14. Bg3 a6 15. Bxc6 bxc6 16. Nxe6 fxe6 17. Qe3 Nc4 18. Qe2 d5 19. b3 Nd6 20. Qxe6+ Qxe6 21. Rxe6 Nf5 22. Nd2 Rac8 23. c4 Bf6 24. Rd1 Nd4 25. Re3 Bg5 26. Rd3 Nf5 27. Nf3 dxc4 28. bxc4 Bf6 29. Rd7 Rb8 30. Bxb8 Rxb8 31. Ra7 Rb4 32. c5 Ra4 33. Rc7 Rxa2 34. Rxc6 a5 35. Ra6 a4 36. c6 Rc2 37. Rxa4 Rxc6 38. g3 Rc2 39. Re4 h5 40. h4 Nh6 41. Rd2 Rc1+ 42. Re1 Rc3 43. Kg2 Ng4 44. Red1 Ra3 45. Rd3 Ra2 46. R1d2 Ra1 47. Nh2 Ne5 48. Rd5 Ra3 49. Re2 Kh7 50. Rdxe5 Bxe5 51. Rxe5 Kg6 52. Nf3 Ra2 53. Rg5+ Kh6 54. Ne5 Ra7 55. Rg6+ Kh7 56. Rg5 Re7 57. Ng6 Ra7 58. Nf4 g6 59. Nxg6 Ra4 60. Nf4 Kh6 61. Rxh5+ Kg7 62. Rg5+ Kf6 63. Kh3 Ra1 64. Kg4 Ra4 65. f3 Ra1 66. Rg6+ Kf7 67. Rb6 Ra4 68. h5 Ra5 69. h6 Rc5 70. h7 Kg7 71. Ne6+ Kxh7 72. Nxc5 1-0

[Event "Titled Tuesday intern op 06th Aug Late"]
[Site "Chess.com INT"]
[Date "2024.08.06"]
[Round "4"]
[White "Ferreira, Vitor Hugo Vieira"]
[Black "Martinez, Shawn"]
[Result "1-0"]
[WhiteElo "2128"]
[BlackElo "1921"]
[PlyCount "95"]
[EventDate "2024.08.06"]
[EventType "swiss (blitz)"]
[EventRounds "11"]
[EventCountry "USA"]
[SourceTitle "EXT 2025"]
[Source "ChessBase"]
[SourceDate "2024.10.14"]
[SourceVersion "1"]
[SourceVersionDate "2024.10.14"]
[SourceQuality "1"]

1. d4 d5 2. c4 e6 3. Nf3 Nf6 4. Nc3 c5 5. cxd5 exd5 6. Bg5 Nc6 7. e3 cxd4 8. Nxd4 Be7 9. Bb5 Qd6 10. Bf4 Qc5 11. Qa4 Bd7 12. 0-0 a6 13. Rac1 0-0 14. Ne4 axb5 15. Qxa8 Qxc1 16. Nxf6+ Bxf6 17. Qxf8+ Kxf8 18. Rxc1 Nxd4 19. Bd6+ Ke8 20. exd4 Bxd4 21. Rc7 Bc6 22. Re7+ Kd8 23. b3 Bf6 24. Rxf7 d4 25. Kf1 d3 26. f3 b4 27. Bxb4 Bb5 28. Ke1 Bc6 29. Kd2 Ke8 30. Rf8+ Kd7 31. Rh8 h6 32. Kxd3 Bb5+ 33. Kd2 Bf1 34. g3 Bg2 35. f4 Ke6 36. Bc3 Be7 37. Re8 Kf7 38. Rb8 g5 39. Rh8 Kg6 40. fxg5 Bxg5+ 41. Kc2 Kf5 42. h4 Be3 43. Rf8+ Kg4 44. Be5 Be4+ 45. Kc3 h5 46. Bf4 Bf2 47. Bc7 Bg1 48. Rf4+ 1-0

[Event "Titled Tuesday intern op 06th Aug Early"]
[Site "Chess.com INT"]
[Date "2024.08.06"]
[Round "8"]
[White "Martinez, Shawn"]
[Black "Exposito Milan, Adrian"]
[Result "1-0"]
[WhiteElo "1921"]
[BlackElo "2246"]
[PlyCount "55"]
[EventDate "2024.08.06"]
[EventType "swiss (blitz)"]
[EventRounds "11"]
[EventCountry "USA"]
[SourceTitle "EXT 2025"]
[Source "ChessBase"]
[SourceDate "2024.10.14"]
[SourceVersion "1"]
[SourceVersionDate "2024.10.14"]
[SourceQuality "1"]

1. e4 c5 2. Nc3 g6 3. Bc4 Bg7 4. Qf3 e6 5. Nb5 d6 6. Qg3 e5 7. Qb3 Nh6 8. Qd3 Bf8 9. a4 Nc6 10. c3 a6 11. Na3 Bg7 12. h4 0-0 13. h5 Qg5 14. Nf3 Qxg2 15. Rg1 Qh3 16. hxg6 hxg6 17. Rxg6 Bg4 18. Ng5 Qh1+ 19. Qf1 Qh5 20. Rxd6 Qxg5 21. d3 Qe7 22. Rxh6 Bxh6 23. Bxh6 Qh4 24. Bxf8 Rxf8 25. Kd2 Qg5+ 26. Kc2 Kg7 27. Qg2 Qg6 28. Rg1 1-0

[Event "Titled Tuesday intern op 06th Aug Early"]
[Site "Chess.com INT"]
[Date "2024.08.06"]
[Round "2"]
[White "Martinez, Shawn"]
[Black "Luba, Lukasz"]
[Result "1-0"]
[WhiteElo "1921"]
[BlackElo "2068"]
[PlyCount "59"]
[EventDate "2024.08.06"]
[EventType "swiss (blitz)"]
[EventRounds "11"]
[EventCountry "USA"]
[SourceTitle "EXT 2025"]
[Source "ChessBase"]
[SourceDate "2024.10.14"]
[SourceVersion "1"]
[SourceVersionDate "2024.10.14"]
[SourceQuality "1"]

1. e4 g6 2. d4 Bg7 3. Nc3 d6 4. Bg5 Nd7 5. f3 c5 6. Nge2 cxd4 7. Nxd4 Ngf6 8. Qd2 0-0 9. h4 h5 10. Bc4 a6 11. Bb3 b5 12. Bh6 Ne5 13. 0-0-0 Qa5 14. Kb1 Nc4 15. Bxc4 bxc4 16. Bxg7 Kxg7 17. g4 hxg4 18. h5 gxh5 19. fxg4 Bxg4 20. Rdg1 Rg8 21. Nf5+ Kf8 22. Qh6+ Ke8 23. Nxd6+ exd6 24. Qxf6 Qe5 25. Qxe5+ dxe5 26. Rxh5 f6 27. Nd5 Kf7 28. Rh7+ Kg6 29. Rh4 Kf7 30. Rhxg4 1-0

[Event "Titled Tuesday intern op 23rd Jul Late"]
[Site "Chess.com INT"]
[Date "2024.07.23"]
[Round "7"]
[White "Feliz Dotel, Dewar Bienvenido"]
[Black "Martinez, Shawn"]
[Result "1-0"]
[WhiteElo "2027"]
[BlackElo "1921"]
[PlyCount "57"]
[EventDate "2024.07.23"]
[EventType "swiss (blitz)"]
[EventRounds "11"]
[EventCountry "USA"]
[SourceTitle "EXT 2025"]
[Source "ChessBase"]
[SourceDate "2024.10.14"]
[SourceVersion "1"]
[SourceVersionDate "2024.10.14"]
[SourceQuality "1"]

1. b3 d5 2. Bb2 c5 3. e3 a6 4. g3 Nc6 5. Nf3 Bf5 6. Bg2 e6 7. 0-0 Nf6 8. c4 Be7 9. cxd5 exd5 10. d4 0-0 11. a3 Rc8 12. dxc5 Bxc5 13. b4 Ba7 14. Nd4 Be4 15. Nxc6 Rxc6 16. Bxf6 Qxf6 17. Bxe4 Qxa1 18. Qxd5 Qf6 19. Qd7 Rb6 20. Rd1 g6 21. Bxb7 Bb8 22. Nd2 Rd6 23. Ne4 Rxd1+ 24. Qxd1 Qb2 25. Bxa6 Qxa3 26. Qd4 Qxa6 27. Nf6+ Kg7 28. Ne8+ Kh6 29. Qh4# 1-0

[Event "Titled Tuesday intern op 23rd Jul Late"]
[Site "Chess.com INT"]
[Date "2024.07.23"]
[Round "10"]
[White "Martinez, Shawn"]
[Black "Chernov, Alexander A"]
[Result "0-1"]
[WhiteElo "1921"]
[BlackElo "2314"]
[PlyCount "64"]
[EventDate "2024.07.23"]
[EventType "swiss (blitz)"]
[EventRounds "11"]
[EventCountry "USA"]
[SourceTitle "EXT 2025"]
[Source "ChessBase"]
[SourceDate "2024.10.14"]
[SourceVersion "1"]
[SourceVersionDate "2024.10.14"]
[SourceQuality "1"]

1. e4 e5 2. Nf3 Nc6 3. d4 d6 4. d5 Nce7 5. c4 Ng6 6. Nc3 Nf6 7. g3 Be7 8. Bg2 h5 9. 0-0 h4 10. Be3 Ng4 11. Qd2 Nxe3 12. fxe3 hxg3 13. hxg3 Bg4 14. Rac1 Qd7 15. b4 a5 16. a3 b6 17. Qe2 axb4 18. axb4 Ra3 19. Nb5 Ra4 20. Qd2 Bd8 21. Ra1 Rxa1 22. Rxa1 0-0 23. Qf2 c6 24. Nc3 b5 25. dxc6 Qxc6 26. Nxb5 Qxc4 27. Nxd6 Qxb4 28. Rd1 Bb6 29. Nf5 Qb3 30. Rd2 Bxf5 31. exf5 Bxe3 32. fxg6 fxg6 0-1

[Event "Titled Tuesday intern op 16th Jul Early"]
[Site "Chess.com INT"]
[Date "2024.07.16"]
[Round "7"]
[White "Martinez, Shawn"]
[Black "Emeliantsev, Anatoliy"]
[Result "0-1"]
[WhiteElo "1921"]
[BlackElo "2359"]
[PlyCount "86"]
[EventDate "2024.07.16"]
[EventType "swiss (blitz)"]
[EventRounds "11"]
[EventCountry "USA"]
[SourceTitle "EXT 2025"]
[Source "ChessBase"]
[SourceDate "2024.10.14"]
[SourceVersion "1"]
[SourceVersionDate "2024.10.14"]
[SourceQuality "1"]

1. e4 c5 2. Nc3 Nc6 3. Bb5 Nd4 4. Nf3 a6 5. Bd3 e6 6. 0-0 Nxf3+ 7. Qxf3 b5 8. Re1 Bb7 9. b3 Nf6 10. Bb2 Be7 11. Qh3 h6 12. Re3 Nh7 13. f4 c4 14. bxc4 bxc4 15. Bxc4 Bc5 16. Kh1 Bxe3 17. Qxe3 0-0 18. e5 d5 19. exd6 Qxd6 20. d3 Nf6 21. Re1 Rfd8 22. Qg3 Nh5 23. Qh4 Nxf4 24. Ne4 Bxe4 25. Rxe4 Ng6 26. Qe1 Rab8 27. Bb3 Rb5 28. Bc1 Rh5 29. g3 Qc6 30. Kg1 Qc7 31. Bb2 Qc5+ 32. Kg2 Rf5 33. Qe2 Qc6 34. Kg1 Qc5+ 35. d4 Qc6 36. Rxe6 fxe6 37. Bxe6+ Rf7 38. d5 Qc5+ 39. Kg2 Rdf8 40. Qd3 Kh7 41. Bxf7 Rxf7 42. d6 Rf2+ 43. Kh3 Qh5# 0-1

[Event "Titled Tuesday intern op 16th Jul Late"]
[Site "Chess.com INT"]
[Date "2024.07.16"]
[Round "1"]
[White "Riehle, Marco"]
[Black "Martinez, Shawn"]
[Result "1-0"]
[WhiteElo "2380"]
[BlackElo "1921"]
[PlyCount "101"]
[EventDate "2024.07.16"]
[EventType "swiss (blitz)"]
[EventRounds "11"]
[EventCountry "USA"]
[SourceTitle "EXT 2025"]
[Source "ChessBase"]
[SourceDate "2024.10.14"]
[SourceVersion "1"]
[SourceVersionDate "2024.10.14"]
[SourceQuality "1"]

1. e4 c5 2. a3 Nc6 3. b4 b6 4. b5 Na5 5. f4 d5 6. e5 Nh6 7. Nf3 g6 8. d4 Bg7 9. c3 0-0 10. Bd3 Bg4 11. 0-0 Rc8 12. h3 Bxf3 13. Qxf3 cxd4 14. cxd4 Nb3 15. Bb2 Nxa1 16. Bxa1 Qd7 17. Nd2 f6 18. Bb2 Nf7 19. Qe3 fxe5 20. dxe5 e6 21. Nf3 Nh6 22. Nd4 Rf7 23. g4 Rcf8 24. Kg2 Kh8 25. a4 Ng8 26. Ba3 Rc8 27. Bb4 Bf8 28. Bxf8 Rfxf8 29. f5 gxf5 30. gxf5 exf5 31. Bxf5 Qg7+ 32. Kh2 Rce8 33. Nc6 Nh6 34. Bd3 Rxf1 35. Bxf1 Rf8 36. Bd3 Rg8 37. Qf2 Qg5 38. e6 Kg7 39. e7 Nf7 40. Qb2+ Kh6 41. Qf2 Nd6 42. h4 Qg7 43. Qf4+ Kh5 44. Be2+ Qg4 45. Bxg4+ Rxg4 46. Qxd6 Rxh4+ 47. Kg3 Rg4+ 48. Kf2 Re4 49. Qxd5+ Kg4 50. Qxe4+ Kg5 51. e8Q 1-0

[Event "Titled Tuesday intern op 16th Jul Early"]
[Site "Chess.com INT"]
[Date "2024.07.16"]
[Round "6"]
[White "Rodriguez Avila, Alvaro"]
[Black "Martinez, Shawn"]
[Result "1-0"]
[WhiteElo "2219"]
[BlackElo "1921"]
[PlyCount "107"]
[EventDate "2024.07.16"]
[EventType "swiss (blitz)"]
[EventRounds "11"]
[EventCountry "USA"]
[SourceTitle "EXT 2025"]
[Source "ChessBase"]
[SourceDate "2024.10.14"]
[SourceVersion "1"]
[SourceVersionDate "2024.10.14"]
[SourceQuality "1"]

1. e4 c5 2. Nf3 e6 3. d4 cxd4 4. Nxd4 a6 5. Bd3 Qc7 6. 0-0 Nf6 7. c4 b6 8. Nc3 Bb7 9. Qe2 Nc6 10. Nxc6 Bxc6 11. e5 Ng8 12. f4 h5 13. Ne4 Rc8 14. Be3 Qb7 15. Ng5 g6 16. Qc2 Ne7 17. Ne4 Bxe4 18. Bxe4 Qc7 19. Rac1 Nf5 20. Bxf5 gxf5 21. Rfd1 h4 22. Qf2 Bc5 23. Bxc5 Qxc5 24. Qxc5 Rxc5 25. b4 Rc6 26. Kf2 h3 27. g3 Ke7 28. Rd4 Rhc8 29. Ke3 R8c7 30. Kd3 f6 31. Re1 fxe5 32. fxe5 d6 33. Rh4 dxe5 34. Rxe5 Rd6+ 35. Kc2 Kf6 36. Re2 Kg5 37. Rd2 Rdc6 38. Kb3 e5 39. Rd5 e4 40. Rxe4 b5 41. c5 a5 42. Rf4 a4+ 43. Kc3 Rf7 44. Kd4 Rff6 45. Rd8 Rce6 46. Rg8+ Rg6 47. Rxg6+ Kxg6 48. Kd5 Re1 49. c6 Kf6 50. Kd6 Rd1+ 51. Kc7 Ke6 52. Kb7 Rc1 53. c7 Kd7 54. Rd4+ 1-0